Las olvidadas que siguen muriendo...Conversación con Tatiana Sepúlveda, presidenta de "Transgéneras por el cambio" de la ciudad de Talca-Chile /

Este texto es una entrevista a Tatiana Sepúlveda, persona transgénero que vive en el barrio norte de Talca (Santiago de Chile), pertenece a un movimiento de pobladores que luchan por quienes no tienen dinero, ni derecho asegurado para tener una vivienda digna.

Salvato in:
Dettagli Bibliografici
Autore principale: Venegas, Luis
Natura: testo
Soggetti:
Tags: Aggiungi Tag
Nessun Tag, puoi essere il primo ad aggiungerne!!

MARC

LEADER 00000 a a2200000 04500
001 41703
003
040
100 |a Venegas, Luis  
245 |a Las olvidadas que siguen muriendo...Conversación con Tatiana Sepúlveda, presidenta de "Transgéneras por el cambio" de la ciudad de Talca-Chile /  |c Luis Venegas  
520 |a Este texto es una entrevista a Tatiana Sepúlveda, persona transgénero que vive en el barrio norte de Talca (Santiago de Chile), pertenece a un movimiento de pobladores que luchan por quienes no tienen dinero, ni derecho asegurado para tener una vivienda digna.  
590 |a RRA/AGOSTO2011  
650 |a 1.ENTREVISTAS  
650 |a 2.MOVIMIENTOS SOCIALES  
650 |a 3.CHILE  
650 |a 4.NECESIDADES DE VIVIENDA  
650 |a 5.TRANSEXUALISMO  
773 |g (2009), páginas 248-258  
999 |c 38840  |d 38840